000 01417nam a22003737a 4500
999 _c23199
_d23199
001 2612206
003 OSt
005 20200518115845.0
007 hduafb---bacp
007 hdubfb---baap
008 980205s1926 enk a 001 0 eng
010 _a 97908481
020 _a9781443784689
025 _aNBIL-10302
040 _aDLC
_coclc
041 1 _aeng
_hger
042 _alcode
043 _aaw-----
_aff-----
_ae-sp---
050 0 0 _aMicrofilm BUL-ENG-272 (D)
082 _a953
_bHEL/A
100 _aHell, Joseph
_d1875-1950.
_92397
245 1 4 _aThe Arab civilization /
_ctranslated from the German of Joseph Hell by S. Khuda Bukhsh.
260 _aLahore:
_bShaikh Muhammed Asharaf,
300 _a140p
500 _aIncludes index.
533 _aMicrofilm.
_bNew Delhi :
_cLibrary of Congress Office ;
_bChicago :
_cAvailable from Center for Research Libraries,
_d1997.
_eOn 1 microfilm reel with other items ; 35 mm.
_f(SAMP early 20th-century Indian books project ; item 10302)
_nMaster microform held by: ICRL.
650 0 _aHistory & geography
_92271
_vIslamic History
651 0 _aIslamic Empire.
700 2 _aKhuda Bukhsh, S.
_q(Salahuddin),
_d1877-1931.
830 0 _aSAMP early 20th-century Indian books project ;
_vitem 10302.
906 _a7
_bcbc
_corigode
_d5
_encip
_f19
_gy-genmicro
942 _2ddc
_cBK
_h953
_iHEL/A
_k953
_mHEL/A